000 00656nam a22001337a 4500
040 _cRUA
082 _aVEM KHE 2024 B1.330 Or.1
100 _aKHEANG SAK, ឃៀង សាក់
245 _aGastro-INTESTINAL PARASITES IN CHICKEN AT KHVAV COMMUNE, SAMRAONG DISTRICT TAKEO PROVINCE, បរាសិតក្នុងប្រដាប់រំលាយអាហារមាន់ នៅឃុំខ្វាវ ស្រុក សំរោង ខេត្តតាកែវ
260 _aPHNOM PENH
_bRUA
_c2024
300 _aix,
_bill,
_c29cm,
856 _uhttps://drive.google.com/file/d/11BMMDRUt0z2DtIQ0TDD44azvpMjF56Je/view?usp=sharing
942 _cVEM
999 _c24741
_d24741